000 00841nam a2200193 a 4500
001 BRCA_2282
005 20190320203737.0
008 760219s1990 mx-#---###---#000-0#spa-#
040 _aDLC
_cOCU
_dOCU
050 4 _aF1391.P8
_b.H57 1990
245 1 0 _aHistoria de la fundación de la Ciudad de la Puebla de los Angeles
_cedición llevada a cabo por orden de Mariano Piña Olaya ; edición Miguel Rosette H.
260 _aMéxico
_bCONACULTA : INBA
_c1990
300 _a2 v.
_c18 cm.
500 _aFacsímil de : Historia de la fundación de la Ciudad de la Puebla de los Angeles en la Nueva España : su descripción y presente estado, por Mariano Fernández de Echeverría y Veytia, Puebla, 1931
651 4 _aPuebla (México)
_xHistoria
_9409
700 1 _aPiña Olaya, Mariano
_96838
700 1 _aRosette H., Miguel
_96839
942 _2lcc
_cB
999 _c2028
_d2028